Catálogo
 En Linea

La prensa y los delitos de prensa / (Registro nro. 25664)

Detalles MARC
000 -CABECERA
campo de control de longitud fija 00542nam a2200157 a 4500
001 - NÚMERO DE CONTROL
campo de control 000026172
005 - FECHA Y HORA DE LA ÚLTIMA TRANSACCIÓN
campo de control 20200930024349.0
008 - DATOS DE LONGITUD FIJA--INFORMACIÓN GENERAL
campo de control de longitud fija 110303s19uu dr 000 0 spa d
040 ## - FUENTE DE LA CATALOGACIÓN
Centro catalogador/agencia de origen DO-SdBNP
Lengua de catalogación spa
Centro/agencia transcriptor BNPHU
100 1# - ENTRADA PRINCIPAL--NOMBRE DE PERSONA
Nombre de persona Cedeño, Víctor Livio
9 (RLIN) 13939
245 13 - MENCIÓN DE TÍTULO
Título La prensa y los delitos de prensa /
Mención de responsabilidad, etc. Víctor Livio Cedeño ; prólogo Pascal Peña Peña.
260 ## - PUBLICACIÓN, DISTRIBUCIÓN, ETC.
Lugar de publicación, distribución, etc. [Santo Domingo]:, :
Nombre del editor, distribuidor, etc. Fundación para la Cultura,
Fecha de publicación, distribución, etc. [199?].
300 ## - DESCRIPCIÓN FÍSICA
Extensión 96 p. ;
Dimensiones 17 cm.
590 ## - NOTA LOCAL (RLIN)
Nota local Inventariado,2018/DG
700 1# - PUNTO DE ACCESO ADICIONAL--NOMBRE DE PERSONA
Nombre de persona Peña Peña, Pascal
Término indicativo de función/relación pról.
9 (RLIN) 53178
Existencias
Estado de retiro Estado de pérdida No para préstamo Código de colección Localización permanente Ubicación/localización actual Ubicación en estantería Fecha de adquisición Número de inventario Total de préstamos Signatura topográfica completa Código de barras Fecha visto por última vez Precio válido a partir de Tipo de ítem Koha Nota pública Restricciones de uso Número de copia
      Dominicana de Servicio General General En catalogación 03.03.2011 LF1   26173-30 25.06.2020 25.06.2020 Libro y Folleto Colección Dominicana de Servicio     e. 3
      Dominicana de Servicio General General En catalogación 15.06.2011 LF1   26173-40 25.06.2020 25.06.2020 Libro y Folleto Colección Dominicana de Servicio     e. 4
    Excluido de préstamo Patrimonio Dominicano Patrimonio Dominicano Patrimonio Dominicano Depósito 03.03.2011 LF1   26172-10 25.06.2020 25.06.2020 Libro y Folleto Colección Patrimonio Dominicano Perteneció a la biblioteca personal de Germán Emilio Ornes.    
    Excluido de préstamo Patrimonio Dominicano Patrimonio Dominicano Patrimonio Dominicano Depósito 03.03.2011 LF1   26173-10 25.06.2020 25.06.2020 Libro y Folleto Colección Patrimonio Dominicano Perteneció a la biblioteca personal de Juan Isidro Jimenes Grullón.    
    Excluido de préstamo Patrimonio Dominicano Patrimonio Dominicano Patrimonio Dominicano En catalogación 03.03.2011 LF1   26173-20 25.06.2020 25.06.2020 Libro y Folleto Colección Patrimonio Dominicano     e. 2

Con tecnología Koha